000 00307nam a22001337a 4500
020 _a81-87834-61-7
082 _a920
_bMEG/G
100 _aMEGHANATHAN,RADHIKA
245 _aWORLD LEADERS
260 _aCHENNAI
_bSEASONS PUBLISHING
300 _a128
650 _aLIVES OF WORLD LEADERS
_zCHENNAI
942 _cBK
999 _c6365
_d6365